Secretos en la familia: terapia familiar
Na minha lista:
| Principais autores: | , |
|---|---|
| Formato: | Livro |
| Idioma: | espanhol |
| Publicado em: |
Santiago
Cuatro Vientos
1987
|
| Assuntos: | |
| Tags: |
Adicionar Tag
Sem tags, seja o primeiro a adicionar uma tag!
|
MARC
| LEADER | 00000nam a2200000 a 4500 | ||
|---|---|---|---|
| 001 | UCW6595 | ||
| 003 | CL-VaPUC | ||
| 008 | 920407e19870000CL |||||||||||||||||spa|d | ||
| 082 | 0 | 4 | |a 616.891 |b PIN |2 21 |
| 100 | 0 | |a Pincus, Lily |e author |9 311597 | |
| 700 | 0 | |a Dare, Christopher |e author |9 311598 | |
| 245 | 1 | 0 | |a Secretos en la familia: terapia familiar |
| 300 | |a 161 p | ||
| 942 | |c BK | ||
| 945 | |d 19920407 00:00:00 |a rbrito | ||
| 260 | |a Santiago |b Cuatro Vientos |c 1987 | ||
| 650 | 0 | |a Familias |9 255641 | |
| 650 | 0 | |a Relaciones humanas |9 307340 | |
| 650 | 0 | |a Psicoterapia familiar |9 310747 | |
| 583 | |a last modification |c 19920407 00:00:00 |k Rodrigo Vera | ||
| 999 | |c 219586 |d 219584 | ||
| 952 | |0 0 |1 0 |4 0 |6 616_891000000000000_PIN_1987 |7 0 |8 R |9 210681 |a BIBEDU |b BIBEDU |c MCIRC |d 2019-11-15 |i 2788926 |o 616.891 PIN 1987 |p 2788926 |r 2023-01-13 |w 2019-11-15 |y BK_R |k EDU | ||
| 952 | |0 0 |1 0 |4 0 |6 616_891000000000000_PIN_1987 |7 0 |8 R |9 210682 |a BIBEDU |b BIBEDU |d 2019-11-15 |i 2788934 |o 616.891 PIN 1987 |p 2788934 |r 2023-01-13 |w 2019-11-15 |y BK_R |k EDU | ||
| 952 | |0 0 |1 0 |4 0 |6 616_891000000000000_PIN_1987 |7 0 |8 R |9 210683 |a BIBEDU |b BIBEDU |c MCIRC |d 2019-11-15 |i 2979322 |o 616.891 PIN 1987 |p 2979322 |r 2023-01-13 |w 2019-11-15 |y BK_R |k EDU | ||
| 952 | |0 0 |1 0 |4 0 |6 616_891000000000000_PIN_1987 |7 0 |8 R |9 210684 |a BIBEDU |b BIBEDU |c MCIRC |d 2019-11-15 |i 3428591 |o 616.891 PIN 1987 |p 3428591 |r 2023-01-13 |w 2019-11-15 |y BK_R |k PSI | ||
| 952 | |0 0 |1 0 |4 0 |6 616_891000000000000_PIN_1987 |7 0 |8 R |9 210685 |a BIBEDU |b BIBEDU |c MCIRC |d 2019-11-15 |i 3428605 |o 616.891 PIN 1987 |p 3428605 |r 2023-01-13 |w 2019-11-15 |y BK_R |k PSI | ||